Derecho comercial

Bibliographic Details
Other Authors: Tavolari Oliveros, Ral︢
Format: Unknown
Language:Spanish
Published: Chile : Jurd̕ica de Chile, 2010
Subjects:
Online Access:Acceso restringido

MARC

LEADER 00000ny a22000003n 4500
005 20110519135015.0
008 110201s2010 cl s 000 0 spa d
020 |a 9789563370195 
035 |a 5286 
040 |a BUS  |d vLex 
090 |c 57  |d 57 
245 0 0 |a Derecho comercial  |h [Recurso electrn̤ico]  |c Ral︢ Tavolari Oliveros (Director) 
256 |a Servicio en ln̕ea 
260 |a Chile :  |b Jurd̕ica de Chile,  |c 2010  
506 1 |a Contenido solo disponible en los productos indicados  |d vLex Global  |d vLex Global (Academic Edition, excluding Law Schools)  |d vLex Global (U.S. Academic Edition, Law Schools)  |d vLex Global (U.S. Academic Edition, excluding Law Schools)  |d vLex Global (Academic Edition, Law Schools) 
650 0 4 |a Derecho mercantil 
700 1 |a Tavolari Oliveros, Ral︢ 
740 0 |a vLex Libros (Servicios en ln̕ea) 
856 4 0 |u http://vlex.com/source/5286  |z Acceso restringido 
942 |c BOOK 
999 0 |a Commercial law  |b Chile